000 00416pab a2200145 454500
008 180718b2005 xxu||||| |||| 00| 0 eng d
100 _aBajaj, K.K.
245 _aUniversity examination system: challenges and dilemmas and the need for a national debate for a viable reform
260 _c2005
300 _ap.21-25,27.
362 _a12 Sep
650 _aExaminations
773 _aUniversity News
909 _a66876
999 _c66876
_d66876